|
|
|
|
| LEADER |
02477nam a22004455i 4500 |
| 001 |
978-3-642-03858-7 |
| 003 |
DE-He213 |
| 005 |
20150520191012.0 |
| 007 |
cr nn 008mamaa |
| 008 |
100301s2010 gw | s |||| 0|eng d |
| 020 |
|
|
|a 9783642038587
|9 978-3-642-03858-7
|
| 024 |
7 |
|
|a 10.1007/978-3-642-03858-7
|2 doi
|
| 040 |
|
|
|d GrThAP
|
| 050 |
|
4 |
|a QR180-189.5
|
| 072 |
|
7 |
|a MJCM
|2 bicssc
|
| 072 |
|
7 |
|a MED044000
|2 bisacsh
|
| 082 |
0 |
4 |
|a 616.079
|2 23
|
| 245 |
1 |
0 |
|a Immunological Synapse
|h [electronic resource] /
|c edited by Takashi Saito, Facundo D. Batista.
|
| 264 |
|
1 |
|a Berlin, Heidelberg :
|b Springer Berlin Heidelberg,
|c 2010.
|
| 300 |
|
|
|a XV, 255p. 30 illus., 25 illus. in color.
|b online resource.
|
| 336 |
|
|
|a text
|b txt
|2 rdacontent
|
| 337 |
|
|
|a computer
|b c
|2 rdamedia
|
| 338 |
|
|
|a online resource
|b cr
|2 rdacarrier
|
| 347 |
|
|
|a text file
|b PDF
|2 rda
|
| 490 |
1 |
|
|a Current Topics in Microbiology and Immunology,
|x 0070-217X ;
|v 340
|
| 505 |
0 |
|
|a Insights into Function of the Immunological Synapse from Studies with Supported Planar Bilayers -- Immunological Synapses Within Context: Patterns of Cell–Cell Communication and Their Application in T–T Interactions -- Molecular and Cellular Dynamics at the Early Stages of Antigen Encounter: The B-Cell Immunological Synapse -- Inhibitory and Regulatory Immune Synapses -- The Immunological Synapse, TCR Microclusters, and T Cell Activation -- Signaling Amplification at the Immunological Synapse -- Multiple Microclusters: Diverse Compartments Within the Immune Synapse -- A Conformation-Induced Oligomerization Model for B cell Receptor Microclustering and Signaling -- Co-Receptors and Recognition of Self at the Immunological Synapse -- Vesicle Traffic to the Immunological Synapse: A Multifunctional Process Targeted by Lymphotropic Viruses -- Plasticity of Immunological Synapses -- APC, T Cells, and the Immune Synapse.
|
| 520 |
|
|
|a will follow.
|
| 650 |
|
0 |
|a Medicine.
|
| 650 |
|
0 |
|a Immunology.
|
| 650 |
1 |
4 |
|a Biomedicine.
|
| 650 |
2 |
4 |
|a Immunology.
|
| 700 |
1 |
|
|a Saito, Takashi.
|e editor.
|
| 700 |
1 |
|
|a Batista, Facundo D.
|e editor.
|
| 710 |
2 |
|
|a SpringerLink (Online service)
|
| 773 |
0 |
|
|t Springer eBooks
|
| 776 |
0 |
8 |
|i Printed edition:
|z 9783642038570
|
| 830 |
|
0 |
|a Current Topics in Microbiology and Immunology,
|x 0070-217X ;
|v 340
|
| 856 |
4 |
0 |
|u http://dx.doi.org/10.1007/978-3-642-03858-7
|z Full Text via HEAL-Link
|
| 912 |
|
|
|a ZDB-2-SBL
|
| 950 |
|
|
|a Biomedical and Life Sciences (Springer-11642)
|